[Event "Barcelona Sant Marti op-B 23rd"]
[Site "Barcelona"]
[Date "2023.07.14"]
[Round "2"]
[White "Cuthbert, Larissa"]
[Black "Jimenez Dominguez, Alberto"]
[Result "0-1"]
[WhiteElo "1392"]
[BlackElo "1656"]
[PlyCount "90"]
[EventDate "2023.07.13"]
[EventType "swiss"]
[EventRounds "9"]
[EventCountry "ESP"]
[SourceTitle "CBM 215 Extra"]
[Source "ChessBase"]
[SourceDate "2023.09.30"]
[SourceVersion "1"]
[SourceVersionDate "2023.09.30"]
[SourceQuality "1"]

1. d4 Nf6 2. c4 g6 3. Nc3 d5 4. Bg5 Bg7 5. Nf3 Ne4 6. h4 Nxg5 7. hxg5 dxc4 8. e3 Bg4 9. Bxc4 e6 10. Qb3 Bxf3 11. gxf3 Nd7 12. 0-0-0 Nb6 13. Be2 Qxg5 14. Nb5 0-0 15. f4 Qd5 16. Qd3 Qxa2 17. Nc3 Qb3 18. e4 Rfd8 19. Qh3 h5 20. e5 Nd5 21. Nxd5 Qxd5 22. Qd3 c5 23. Bf3 Qxd4 24. Qe2 Qxf4+ 25. Kb1 Qxe5 26. Qc2 Rxd1+ 27. Rxd1 Bf6 28. Be4 Rd8 29. Rg1 Bg7 30. Rf1 Rd4 31. Bd3 Rxd3 32. f4 Qd4 33. Rf2 Rd1+ 34. Ka2 Qd5+ 35. Qb3 Ra1+ 36. Kxa1 Qxb3 37. Rd2 c4 38. Rf2 c3 39. Kb1 Qd1+ 40. Ka2 c2 41. Ka3 c1Q 42. Kb4 Qd4+ 43. Ka3 Qxf2 44. Kb4 Qfxb2+ 45. Ka4 Qca1# 0-1

[Event "Barcelona Primavera La Lira op 11th"]
[Site "Barcelona"]
[Date "2018.06.07"]
[Round "9"]
[White "Jimenez Dominguez, Alberto"]
[Black "Garcia Miralles, Eduard"]
[Result "1-0"]
[WhiteElo "1600"]
[BlackElo "1414"]
[PlyCount "41"]
[EventDate "2018.04.12"]
[EventType "swiss"]
[EventRounds "9"]
[EventCountry "ESP"]
[SourceTitle "CBM 184 Extra"]
[Source "ChessBase"]
[SourceDate "2018.06.28"]
[SourceVersion "1"]
[SourceVersionDate "2018.06.28"]
[SourceQuality "1"]

1. e4 e6 2. d3 d5 3. Qe2 Be7 4. Nf3 c5 5. g3 Nc6 6. Bg2 b6 7. 0-0 Bb7 8. Re1 Nf6 9. e5 Nd7 10. h4 0-0 11. Bf4 h6 12. h5 Qb8 13. Nbd2 Bd8 14. Nf1 Bc7 15. Bh3 a6 16. N1h2 b5 17. Ng4 Nb6 18. Bxh6 gxh6 19. Qe3 Nd7 20. Qxh6 Qd8 21. Ng5 1-0

[Event "Barcelona Primavera La Lira op 11th"]
[Site "Barcelona"]
[Date "2018.04.19"]
[Round "2"]
[White "Jimenez Dominguez, Alberto"]
[Black "Permanyer Ugartemendia, Inaki"]
[Result "1-0"]
[WhiteElo "1600"]
[BlackElo "1756"]
[PlyCount "65"]
[EventDate "2018.04.12"]
[EventType "swiss"]
[EventRounds "9"]
[EventCountry "ESP"]
[SourceTitle "CBM 184 Extra"]
[Source "ChessBase"]
[SourceDate "2018.06.28"]
[SourceVersion "1"]
[SourceVersionDate "2018.06.28"]
[SourceQuality "1"]

1. e4 c6 2. Nc3 d5 3. Nf3 Nf6 4. e5 Ne4 5. Nxe4 dxe4 6. Ng5 Bf5 7. g4 Bg6 8. Bg2 Qd4 9. e6 f6 10. Nh3 Qe5 11. 0-0 Qxe6 12. Nf4 Qe5 13. Nxg6 hxg6 14. h3 Nd7 15. Re1 0-0-0 16. Rxe4 Qc7 17. Qf3 e5 18. Ra4 Kb8 19. b4 Nb6 20. Qb3 Nxa4 21. Qxa4 Qb6 22. a3 Rd4 23. d3 Rd8 24. Be3 Qa6 25. Qb3 Rc8 26. Bf1 b6 27. Rb1 Qb7 28. Bg2 Qc7 29. a4 f5 30. b5 fxg4 31. hxg4 Qd7 32. bxc6 Qxg4 33. Bxb6 1-0

[Event "Barcelona La Lira op 36th"]
[Site "Barcelona"]
[Date "2018.02.23"]
[Round "6.16"]
[White "Creixans Comerma, Pol"]
[Black "Jimenez Dominguez, Alberto"]
[Result "0-1"]
[WhiteElo "1470"]
[BlackElo "1584"]
[PlyCount "80"]
[EventDate "2018.01.19"]
[EventType "swiss"]
[EventRounds "8"]
[EventCountry "ESP"]
[SourceTitle "EXT 2024"]
[Source "ChessBase"]
[SourceDate "2023.10.10"]
[SourceVersion "1"]
[SourceVersionDate "2023.10.10"]
[SourceQuality "1"]

1. c4 Nf6 2. Nc3 c5 3. g3 e6 4. e4 b6 5. Bg2 Bb7 6. Nge2 Be7 7. d3 0-0 8. 0-0 d6 9. e5 Bxg2 10. exf6 Bxf1 11. fxe7 Qxe7 12. Qxf1 Nc6 13. Bf4 Rad8 14. Qg2 Nb4 15. Rd1 Qd7 16. Nb5 d5 17. Bd6 Rfe8 18. a3 Nxd3 19. b3 dxc4 20. bxc4 Nb2 21. Rc1 a6 22. Bc7 axb5 23. Bxd8 Rxd8 24. cxb5 Qxb5 25. Qf3 h6 26. Rc2 Qd3 27. Qxd3 Nxd3 28. Rd2 c4 29. Nf4 e5 30. Nxd3 Rxd3 31. Rc2 b5 32. Rb2 Rb3 33. Re2 Rxa3 34. Rxe5 b4 35. Rc5 b3 36. Kg2 b2 37. g4 b1Q 38. g5 Qd3 39. g6 Qf3+ 40. Kf1 Ra1# 0-1

[Event "Barcelona La Lira op 36th"]
[Site "Barcelona"]
[Date "2018.02.09"]
[Round "4.15"]
[White "Aubeso Duch, Miquel"]
[Black "Jimenez Dominguez, Alberto"]
[Result "0-1"]
[WhiteElo "1331"]
[BlackElo "1584"]
[PlyCount "72"]
[EventDate "2018.01.19"]
[EventType "swiss"]
[EventRounds "8"]
[EventCountry "ESP"]
[SourceTitle "EXT 2024"]
[Source "ChessBase"]
[SourceDate "2023.10.10"]
[SourceVersion "1"]
[SourceVersionDate "2023.10.10"]
[SourceQuality "1"]

1. c4 e6 2. Nc3 Bb4 3. Qb3 c5 4. a3 Ba5 5. Nb5 Nc6 6. Nd6+ Kf8 7. e3 Qe7 8. Ne4 Nf6 9. Bd3 Nxe4 10. Bxe4 d5 11. Bf3 d4 12. Bxc6 bxc6 13. Nf3 e5 14. 0-0 e4 15. Ne1 Bc7 16. exd4 cxd4 17. Qb4 c5 18. Qb3 Rb8 19. Qd1 Qe5 20. g3 Bh3 21. Ng2 h5 22. f4 Qe6 23. d3 e3 24. Re1 Qc6 25. Qe2 Bg4 26. Qc2 e2 27. Nh4 Bd8 28. Rxe2 Bxe2 29. Qxe2 Bxh4 30. gxh4 Re8 31. Qf2 Qg6+ 32. Kf1 Qg4 33. f5 Qd1+ 34. Kg2 Re2 35. Bf4 Rxf2+ 36. Kxf2 Qxa1 0-1

[Event "Barcelona La Lira op 36th"]
[Site "Barcelona"]
[Date "2018.02.02"]
[Round "3.18"]
[White "Jimenez Dominguez, Alberto"]
[Black "Exposito Perez, Juan Miguel"]
[Result "1-0"]
[WhiteElo "1584"]
[BlackElo "1452"]
[PlyCount "57"]
[EventDate "2018.01.19"]
[EventType "swiss"]
[EventRounds "8"]
[EventCountry "ESP"]
[SourceTitle "EXT 2024"]
[Source "ChessBase"]
[SourceDate "2023.10.10"]
[SourceVersion "1"]
[SourceVersionDate "2023.10.10"]
[SourceQuality "1"]

1. e4 c6 2. Nc3 d5 3. Nf3 dxe4 4. Nxe4 Bg4 5. h3 Bf5 6. Ng3 Bg6 7. h4 h6 8. Ne5 Bh7 9. Qh5 g6 10. Qf3 Nf6 11. Qb3 e6 12. Qxb7 Nbd7 13. Nxc6 Qc8 14. Ba6 Nb6 15. Qxc8+ Nxc8 16. Bb7 Nb6 17. Bxa8 Nxa8 18. Nxa7 Bc5 19. Nb5 0-0 20. d4 Be7 21. c4 Nb6 22. b3 Kg7 23. Ba3 Ng8 24. Bxe7 Nxe7 25. a4 f5 26. a5 Ra8 27. Kd2 Nc6 28. axb6 Na5 29. Rxa5 1-0

[Event "Montcada op-C 25th"]
[Site "Montcada"]
[Date "2017.06.30"]
[Round "5"]
[White "Sagar, Siya"]
[Black "Jimenez Dominguez, Alberto"]
[Result "1/2-1/2"]
[WhiteElo "1608"]
[BlackElo "1689"]
[PlyCount "32"]
[EventDate "2017.06.26"]
[EventType "swiss"]
[EventRounds "9"]
[EventCountry "ESP"]
[SourceTitle "EXT 2018"]
[Source "ChessBase"]
[SourceDate "2017.10.13"]
[SourceVersion "1"]
[SourceVersionDate "2017.10.13"]
[SourceQuality "1"]

1. e4 e5 2. Nf3 Nc6 3. Bb5 d6 4. d4 Bd7 5. dxe5 Nxe5 6. Bxd7+ Nxd7 7. 0-0 Be7 8. Nc3 Bf6 9. Nd5 Ne7 10. Nxf6+ Nxf6 11. Re1 0-0 12. Bg5 Ng6 13. Qd4 h6 14. Bxf6 Qxf6 15. Qxf6 gxf6 16. Nd4 a6 1/2-1/2

[Event "Montcada op-C 25th"]
[Site "Montcada"]
[Date "2017.06.26"]
[Round "1"]
[White "Hernandez Mediavilla, Juan Jose"]
[Black "Jimenez Dominguez, Alberto"]
[Result "1/2-1/2"]
[WhiteElo "1367"]
[BlackElo "1689"]
[PlyCount "45"]
[EventDate "2017.06.26"]
[EventType "swiss"]
[EventRounds "9"]
[EventCountry "ESP"]
[SourceTitle "EXT 2018"]
[Source "ChessBase"]
[SourceDate "2017.10.13"]
[SourceVersion "1"]
[SourceVersionDate "2017.10.13"]
[SourceQuality "1"]

1. d4 Nf6 2. c3 d5 3. Nf3 c5 4. Bf4 Nc6 5. e3 Qb6 6. Qb3 c4 7. Qxb6 axb6 8. a3 e6 9. Nbd2 b5 10. Be2 b4 11. cxb4 Bxb4 12. 0-0 Be7 13. a4 Bd7 14. Rfc1 Na5 15. Bd1 Rc8 16. Nb1 0-0 17. Nc3 h6 18. Nd2 Rc6 19. b3 Nxb3 20. Nxb3 cxb3 21. Bxb3 Rfc8 22. Ne2 Rxc1+ 23. Rxc1 1/2-1/2

[Event "Barcelona Sant Marti op-B 17th"]
[Site "Barcelona"]
[Date "2015.07.20"]
[Round "8"]
[White "Beltran Vargas, Daniel"]
[Black "Jimenez Dominguez, Alberto"]
[Result "1/2-1/2"]
[WhiteElo "1852"]
[BlackElo "1927"]
[PlyCount "64"]
[EventDate "2015.07.13"]
[EventType "swiss"]
[EventRounds "9"]
[EventCountry "ESP"]
[SourceTitle "EXT 2016"]
[Source "ChessBase"]
[SourceDate "2015.10.08"]
[SourceVersion "1"]
[SourceVersionDate "2015.10.08"]
[SourceQuality "1"]

1. d4 Nf6 2. Bg5 c5 3. Bxf6 gxf6 4. g3 Qb6 5. b3 cxd4 6. Nf3 e5 7. Bg2 d6 8. 0-0 Nc6 9. c4 Bf5 10. Nh4 Be6 11. Nd2 f5 12. Bh3 Ne7 13. Ndf3 Bh6 14. Kh1 0-0-0 15. Rb1 f4 16. Bxe6+ fxe6 17. c5 dxc5 18. Nxe5 Rhf8 19. Qd3 Nf5 20. Nhf3 Qd6 21. g4 Nh4 22. Rfc1 Nxf3 23. Nxf3 Rf7 24. b4 Rc7 25. Rc4 e5 26. Qf5+ Kb8 27. Qxe5 Qxe5 28. Nxe5 Re8 29. Rxc5 Rxc5 30. Nd7+ Kc7 31. Nxc5 Rxe2 32. Kg2 Rxa2 1/2-1/2

[Event "Barcelona Sant Marti op-B 17th"]
[Site "Barcelona"]
[Date "2015.07.17"]
[Round "5"]
[White "Jimenez Dominguez, Alberto"]
[Black "Ylla Soro, Rafael"]
[Result "1-0"]
[WhiteElo "1927"]
[BlackElo "1811"]
[PlyCount "119"]
[EventDate "2015.07.13"]
[EventType "swiss"]
[EventRounds "9"]
[EventCountry "ESP"]
[SourceTitle "EXT 2016"]
[Source "ChessBase"]
[SourceDate "2015.10.08"]
[SourceVersion "1"]
[SourceVersionDate "2015.10.08"]
[SourceQuality "1"]

1. c4 f5 2. Nc3 Nf6 3. g3 e6 4. Bg2 Be7 5. e3 0-0 6. Nge2 Na6 7. 0-0 c6 8. d4 d5 9. c5 Nc7 10. b4 Ne4 11. f3 Nxc3 12. Nxc3 Bd7 13. Bb2 Qe8 14. Re1 Qh5 15. Qe2 Rf6 16. a4 Rh6 17. Kf2 g5 18. Rh1 f4 19. e4 dxe4 20. Nxe4 Nd5 21. Nd2 Ne3 22. Nc4 Nxg2 23. Kxg2 Qh3+ 24. Kf2 Qxh2+ 25. Rxh2 Rxh2+ 26. Kf1 Rxe2 27. Kxe2 fxg3 28. Rg1 h6 29. Rxg3 Rf8 30. Bc1 Bc8 31. f4 Kh7 32. fxg5 Rg8 33. Rf3 Bxg5 34. Bxg5 hxg5 35. Nd6 Kg6 36. Rf7 g4 37. Rc7 Rf8 38. Rxc8 Rf4 39. Rg8+ Kh7 40. Rg5 Rxd4 41. Nxb7 Rxb4 42. Nd8 Rxa4 43. Nxc6 Kh6 44. Re5 a5 45. Rxe6+ Kg5 46. Re8 Ra2+ 47. Kf1 a4 48. Nb4 Ra1+ 49. Re1 Ra3 50. c6 Rc3 51. Ra1 a3 52. Ra2 Kf5 53. Kg2 Ke6 54. Re2+ Kd6 55. Rd2+ Kc7 56. Rd7+ Kc8 57. Ra7 Rc4 58. Nd5 Rc2+ 59. Kg3 a2 60. Ra8# 1-0

[Event "Barcelona Primavera La Lira op 8th"]
[Site "Barcelona"]
[Date "2015.05.21"]
[Round "7"]
[White "Jimenez Dominguez, Alberto"]
[Black "Lozano Diaz, Antoni"]
[Result "1-0"]
[WhiteElo "1690"]
[BlackElo "1836"]
[PlyCount "21"]
[EventDate "2015.04.09"]
[EventType "swiss"]
[EventRounds "9"]
[EventCountry "ESP"]
[SourceTitle "CBM 166 Extra"]
[Source "ChessBase"]
[SourceDate "2015.06.18"]
[SourceVersion "1"]
[SourceVersionDate "2015.06.18"]
[SourceQuality "1"]

1. e4 c6 2. d4 d5 3. e5 c5 4. c3 Nc6 5. Nf3 Bg4 6. dxc5 e6 7. Bb5 Bxc5 8. Bxc6+ bxc6 9. Nbd2 Ne7 10. Qa4 0-0 11. Qxg4 1-0

[Event "Barcelona Primavera La Lira op 8th"]
[Site "Barcelona"]
[Date "2015.05.14"]
[Round "6"]
[White "Martin Arranz, Lluis"]
[Black "Jimenez Dominguez, Alberto"]
[Result "0-1"]
[WhiteElo "1768"]
[BlackElo "1690"]
[PlyCount "124"]
[EventDate "2015.04.09"]
[EventType "swiss"]
[EventRounds "9"]
[EventCountry "ESP"]
[SourceTitle "CBM 166 Extra"]
[Source "ChessBase"]
[SourceDate "2015.06.18"]
[SourceVersion "1"]
[SourceVersionDate "2015.06.18"]
[SourceQuality "1"]

1. e4 c5 2. Nf3 d6 3. d4 cxd4 4. Nxd4 Nf6 5. Nc3 g6 6. Be3 Bg7 7. Qd2 Nc6 8. f3 0-0 9. 0-0-0 d5 10. exd5 Nxd5 11. Nxd5 Qxd5 12. Kb1 Nxd4 13. Bxd4 Be6 14. c4 Qxd4 15. Qxd4 Bxd4 16. Rxd4 Rfd8 17. Rxd8+ Rxd8 18. Be2 Rd2 19. Re1 Bf5+ 20. Ka1 h5 21. a3 Rc2 22. Ka2 Be6 23. Kb3 Rd2 24. Kc3 Rd6 25. c5 Rc6 26. b4 Rc7 27. Bc4 Bxc4 28. Kxc4 Kf8 29. Rd1 Ke8 30. a4 Rd7 31. Rd5 Rxd5 32. Kxd5 Kd7 33. b5 Kc7 34. f4 Kd7 35. g3 Kc7 36. a5 e6+ 37. Ke5 a6 38. b6+ Kc6 39. Kd4 f6 40. h4 Kb5 41. c6 Kxc6 42. Kc4 e5 43. fxe5 fxe5 44. Kd3 Kb5 45. Ke4 Kxa5 46. Kxe5 Kxb6 47. Kf6 a5 48. Kxg6 a4 49. Kxh5 a3 50. g4 a2 51. g5 a1Q 52. g6 Qh8+ 53. Kg5 Qe5+ 54. Kh6 Qf4+ 55. Kh5 Qg3 56. g7 Kc5 57. Kh6 Qxh4+ 58. Kg6 Qg4+ 59. Kf7 Qxg7+ 60. Kxg7 b5 61. Kf6 b4 62. Ke5 b3 0-1

[Event "Barcelona Primavera La Lira op 8th"]
[Site "Barcelona"]
[Date "2015.04.09"]
[Round "1"]
[White "Jimenez Dominguez, Alberto"]
[Black "Costa Trave, Jaume"]
[Result "0-1"]
[WhiteElo "1690"]
[BlackElo "1995"]
[PlyCount "36"]
[EventDate "2015.04.09"]
[EventType "swiss"]
[EventRounds "9"]
[EventCountry "ESP"]
[SourceTitle "CBM 166 Extra"]
[Source "ChessBase"]
[SourceDate "2015.06.18"]
[SourceVersion "1"]
[SourceVersionDate "2015.06.18"]
[SourceQuality "1"]

1. d4 d5 2. c4 c6 3. Nc3 dxc4 4. e4 b5 5. a4 Bd7 6. axb5 cxb5 7. Qf3 a5 8. e5 Na6 9. Rxa5 e6 10. Qb7 Qxa5 11. Qxa8+ Ke7 12. d5 exd5 13. Qxd5 Nb4 14. Qd6+ Ke8 15. Qb8+ Qd8 16. Qb7 Bc6 17. Qa7 Nc2+ 18. Ke2 Qd3# 0-1

[Event "Barcelona La Lira op 33rd"]
[Site "Barcelona"]
[Date "2015.02.27"]
[Round "7"]
[White "Guirado Martinez, David"]
[Black "Jimenez Dominguez, Alberto"]
[Result "0-1"]
[WhiteElo "1610"]
[BlackElo "1690"]
[PlyCount "61"]
[EventDate "2015.01.16"]
[EventType "swiss"]
[EventRounds "9"]
[EventCountry "ESP"]
[SourceTitle "EXT 2016"]
[Source "ChessBase"]
[SourceDate "2015.10.08"]
[SourceVersion "1"]
[SourceVersionDate "2015.10.08"]
[SourceQuality "1"]

1. d4 d5 2. Nf3 Nf6 3. Bf4 c5 4. c3 Nc6 5. h3 Qb6 6. Qb3 c4 7. Qxb6 axb6 8. Nbd2 b5 9. Ne5 e6 10. Nxc6 bxc6 11. e3 b4 12. Be2 bxc3 13. bxc3 Ra3 14. Nb1 Ra7 15. 0-0 Ba3 16. Nxa3 Rxa3 17. Bd6 Rxc3 18. Rfb1 Ne4 19. Bb4 Rc2 20. Kf1 c5 21. dxc5 0-0 22. Ke1 Nc3 23. Bxc3 Rxc3 24. a4 e5 25. Kd2 d4 26. exd4 exd4 27. a5 Bf5 28. Rb4 Rc2+ 29. Kd1 d3 30. Bf3 Rxf2 31. Rxc4 0-1

[Event "Barcelona La Lira op 33rd"]
[Site "Barcelona"]
[Date "2015.02.13"]
[Round "5"]
[White "Jimenez Dominguez, Alberto"]
[Black "Torras Lemos, Marc"]
[Result "1/2-1/2"]
[WhiteElo "1690"]
[BlackElo "1561"]
[PlyCount "48"]
[EventDate "2015.01.16"]
[EventType "swiss"]
[EventRounds "9"]
[EventCountry "ESP"]
[SourceTitle "EXT 2016"]
[Source "ChessBase"]
[SourceDate "2015.10.08"]
[SourceVersion "1"]
[SourceVersionDate "2015.10.08"]
[SourceQuality "1"]

1. d4 d5 2. c4 e6 3. Nc3 Nf6 4. Bg5 Be7 5. e3 Nc6 6. Nf3 a6 7. Rc1 0-0 8. Bd3 dxc4 9. Bxc4 b5 10. Bd3 Bb7 11. 0-0 Nb4 12. Bb1 Nbd5 13. Re1 Nxc3 14. bxc3 Ba3 15. Bxf6 Qxf6 16. Rc2 c5 17. Ne5 c4 18. Qg4 Rfd8 19. f4 g6 20. Rf2 Bd6 21. h4 h5 22. Qh3 Bxe5 23. fxe5 Qg7 24. Ref1 Rd7 1/2-1/2

[Event "Barcelona La Lira op 33rd"]
[Site "Barcelona"]
[Date "2015.01.30"]
[Round "3"]
[White "Jimenez Dominguez, Alberto"]
[Black "Ros Montes, Daniel"]
[Result "0-1"]
[WhiteElo "1690"]
[BlackElo "1840"]
[PlyCount "72"]
[EventDate "2015.01.16"]
[EventType "swiss"]
[EventRounds "9"]
[EventCountry "ESP"]
[SourceTitle "EXT 2016"]
[Source "ChessBase"]
[SourceDate "2015.10.08"]
[SourceVersion "1"]
[SourceVersionDate "2015.10.08"]
[SourceQuality "1"]

1. d4 e6 2. g3 d5 3. Bg2 c6 4. Nf3 Nf6 5. 0-0 Bd6 6. b3 0-0 7. Ba3 Bxa3 8. Nxa3 Qd6 9. Qc1 Nbd7 10. c4 e5 11. cxd5 Qxd5 12. Rd1 e4 13. Nd2 Qh5 14. Nxe4 Nxe4 15. Bxe4 Qxe2 16. f3 Nf6 17. Rd2 Qe3+ 18. Rf2 Qxd4 19. Nc2 Qc3 20. Qe1 Nxe4 21. fxe4 Qxe1+ 22. Rxe1 Rd8 23. Ne3 Be6 24. Kg2 Rd7 25. Ree2 Rad8 26. Kf3 Kf8 27. Kg2 Re7 28. Kf3 Rd3 29. Kg2 Rd4 30. Nc2 Rxe4 31. Rxe4 Bd5 32. Kg1 Rxe4 33. Kf1 Ke7 34. Kg1 a5 35. Kf1 a4 36. bxa4 Rxa4 0-1

[Event "Barcelona La Lira op 33rd"]
[Site "Barcelona"]
[Date "2015.01.16"]
[Round "1"]
[White "Jimenez Dominguez, Alberto"]
[Black "Aubeso Duch, Miquel"]
[Result "1-0"]
[WhiteElo "1690"]
[BlackElo "1352"]
[PlyCount "51"]
[EventDate "2015.01.16"]
[EventType "swiss"]
[EventRounds "9"]
[EventCountry "ESP"]
[SourceTitle "EXT 2016"]
[Source "ChessBase"]
[SourceDate "2015.10.08"]
[SourceVersion "1"]
[SourceVersionDate "2015.10.08"]
[SourceQuality "1"]

1. e4 e5 2. Nf3 Nc6 3. Bb5 Nf6 4. 0-0 a6 5. Bxc6 dxc6 6. Nxe5 Nxe4 7. Qe2 Nd6 8. Nxc6+ Be6 9. Nxd8 Rxd8 10. d4 Be7 11. Nc3 0-0 12. d5 Bf6 13. dxe6 fxe6 14. Qxe6+ Rf7 15. Nd5 Re8 16. Nxf6+ gxf6 17. Qb3 b5 18. Bf4 Nc4 19. Bh6 Rfe7 20. a4 c6 21. axb5 cxb5 22. Rxa6 Kf7 23. Qg3 Rg8 24. Rxf6+ Kxf6 25. Qxg8 Ne5 26. Bg5+ 1-0

[Event "Barcelona Primavera La Lira op 7th"]
[Site "Barcelona"]
[Date "2014.06.19"]
[Round "9"]
[White "Gonzalez Canovas, Sebastian"]
[Black "Jimenez Dominguez, Alberto"]
[Result "0-1"]
[WhiteElo "1635"]
[BlackElo "1690"]
[PlyCount "72"]
[EventDate "2014.04.03"]
[EventType "swiss"]
[EventRounds "9"]
[EventCountry "ESP"]
[SourceTitle "EXT 2015"]
[Source "ChessBase"]
[SourceDate "2014.11.20"]
[SourceVersion "1"]
[SourceVersionDate "2014.11.20"]
[SourceQuality "1"]

1. d4 Nf6 2. c4 g6 3. Nc3 d5 4. Nf3 Bg7 5. e3 0-0 6. Be2 dxc4 7. Bxc4 c5 8. Be2 cxd4 9. exd4 Nc6 10. 0-0 Bg4 11. Be3 Nd5 12. h3 Be6 13. a3 Rc8 14. Bd3 Nxc3 15. bxc3 Na5 16. Qe1 Qd6 17. Bd2 Bc4 18. Qe2 Bxd3 19. Qxd3 Nc4 20. Qe2 Nxd2 21. Qxd2 e5 22. Rfe1 exd4 23. cxd4 Rfd8 24. Red1 Rc4 25. Rac1 Ra4 26. Qb2 b6 27. Rd3 h5 28. Qb3 b5 29. Rc5 Bxd4 30. Rxd4 Rxd4 31. Nxd4 Qxc5 32. Nf3 Qc1+ 33. Kh2 Qf4+ 34. g3 Qf5 35. Qe3 Rd3 36. Qe8+ Kh7 0-1

[Event "Barcelona Primavera La Lira op 7th"]
[Site "Barcelona"]
[Date "2014.05.22"]
[Round "5"]
[White "Jimenez Dominguez, Alberto"]
[Black "Pla Carulla, Joaquim"]
[Result "1-0"]
[WhiteElo "1690"]
[BlackElo "2060"]
[PlyCount "51"]
[EventDate "2014.04.03"]
[EventType "swiss"]
[EventRounds "9"]
[EventCountry "ESP"]
[SourceTitle "EXT 2015"]
[Source "ChessBase"]
[SourceDate "2014.11.20"]
[SourceVersion "1"]
[SourceVersionDate "2014.11.20"]
[SourceQuality "1"]

1. e4 e5 2. Nf3 d6 3. Bc4 Be6 4. Bxe6 fxe6 5. 0-0 Nf6 6. d3 c5 7. Bg5 Be7 8. c3 Nc6 9. Nbd2 Qc7 10. Qb3 Qd7 11. Rad1 h6 12. Be3 g5 13. d4 g4 14. dxe5 gxf3 15. exf6 fxg2 16. Rfe1 Bxf6 17. Nc4 0-0-0 18. Nxd6+ Kb8 19. Bxc5 Qg7 20. Qxe6 Ne5 21. Qh3 Rhg8 22. f4 Qc7 23. Bxa7+ Ka8 24. Nb5 Qa5 25. fxe5 Rxd1 26. Rxd1 1-0

[Event "Barcelona Primavera La Lira op 7th"]
[Site "Barcelona"]
[Date "2014.05.15"]
[Round "4"]
[White "Vives Cabau, Jordi"]
[Black "Jimenez Dominguez, Alberto"]
[Result "1/2-1/2"]
[WhiteElo "2059"]
[BlackElo "1690"]
[PlyCount "84"]
[EventDate "2014.04.03"]
[EventType "swiss"]
[EventRounds "9"]
[EventCountry "ESP"]
[SourceTitle "EXT 2015"]
[Source "ChessBase"]
[SourceDate "2014.11.20"]
[SourceVersion "1"]
[SourceVersionDate "2014.11.20"]
[SourceQuality "1"]

1. f4 e6 2. Nc3 d5 3. e3 c5 4. Nf3 Nc6 5. Bb5 Bd7 6. b3 Be7 7. Bb2 Bf6 8. 0-0 Nge7 9. Rb1 Qb6 10. Bxc6 Nxc6 11. Na4 Qa5 12. Bxf6 gxf6 13. d4 cxd4 14. exd4 b6 15. c3 Ne7 16. Qd2 Bxa4 17. bxa4 Qxa4 18. Rb4 Qa6 19. Qc2 Rc8 20. Rc1 Nc6 21. Ra4 Na5 22. f5 b5 23. Ra3 e5 24. dxe5 Qb6+ 25. Kh1 Nc4 26. Rb3 fxe5 27. Re1 f6 28. Nd4 Nd6 29. Qe2 Kd7 30. Nxb5 Ne4 31. Rf1 Qc5 32. Na3 Rb8 33. Qh5 Nf2+ 34. Rxf2 Qxf2 35. Qf7+ Kc6 36. Qxf6+ Kd7 37. Qe6+ Kc7 38. Qxe5+ Kc6 39. Qe6+ Kc5 40. Qe7+ Kc6 41. Qf6+ Kd7 42. Qe6+ Kc7 1/2-1/2